Top 100 Highest Rated Songs of 2019 - Statistics

General Stats
  • This quiz has been taken 11 times
    7 since last reset
  • The average score is 10 of 100
Answer Stats
# Artist Rating Song % Correct
80 Tyler, The Creator 94 A BOY IS A GUN*
67%
38 21 Savage 95 a lot
67%
3 Weyes Blood 97 Andromeda
67%
48 Tyler, The Creator 95 ARE WE STILL FRIENDS?
67%
16 FKA twigs 96 Cellophane
67%
73 Tyler, The Creator 94 EARFQUAKE
67%
19 Tyler, The Creator 96 GONE GONE / THANK YOU
67%
25 Men I Trust 96 Show Me How (Album V)
67%
32 Dean Blunt 95 9
33%
12 Weyes Blood 96 A Lot's Gonna Change
33%
10 Mustard feat. Roddy Ricch 96 Ballin'
33%
8 Lingua Ignota 97 DO YOU DOUBT ME TRAITOR
33%
98 Weyes Blood 93 Everyday
33%
89 Lana Del Rey 94 Happiness is a butterfly
33%
88 FKA Twigs 94 mary magdalene
33%
4 Weyes Blood 97 Movies
33%
14 Weatherday 96 My Sputnik Sweetheart
33%
29 Tyler, The Creator 95 NEW MAGIC WAND
33%
52 Lana Del Rey 95 Norman fucking Rockwell
33%
79 Caroline Polachek 94 So Hot You're Hurting My Feelings
33%
76 Eartheater 94 Solid Liquid Gas
33%
18 Lana Del Rey 96 Venice Bitch
33%
96 Weyes Blood 94 Wild Time
33%
22 Andrew Prahlow 96 14.3 Billion Years
0%
51 black midi 95 953
0%
86 Angel Olsen 94 All Mirrors
0%
66 Slayyyter 94 Alone
0%
31 Uboa 95 An Angel of Great and Terrible Light
0%
70 Flying Lotus 94 Black Balloons Reprise
0%
49 clipping. 95 Blood of the Fang
0%
85 black midi 94 bmbmbm
0%
57 Nick Cave & The Bad Seeds 94 Bright Horses
0%
87 Sematary & Ghost Mountain 94 BROKEN ANGEL HOSPITAL
0%
36 Angel Olsen 95 Chance
0%
40 billy woods & Kenny Segal 95 checkpoints
0%
90 Grieslda 94 Chef Dreds
0%
72 Lana Del Rey 94 Cinnamon Girl
0%
46 Freddie Gibbs & Madlib 95 Crime Pays
0%
23 Benny the Butcher ft. Black Thought 96 Crowns for Kings
0%
39 Chat Pile 95 Dallas Beltway
0%
28 Thom Yorke 95 Dawn Chorus
0%
82 Kill Bill & Rav 94 Dirge
0%
11 Cacola 96 [...] (Dot-Dot-Dot)
0%
91 Grieslda 94 Dr. Birds
0%
78 Freddie Gibbs & Madlib ft. Yasiin Bey, Black Thought 94 Education
0%
65 Ciśnienie 94 Ego
0%
30 Crypt 95 Emergency Room (Skit)
0%
13 Gang Starr 96 Family and Loyalty
0%
67 TWICE 94 FANCY
0%
84 TWICE 94 Feel Special
0%
35 Andrew Prahlow 95 Final Voyage
0%
26 Ciśnienie 96 Fratres
0%
44 JPEGMAFIA 95 Free the Frail
0%
58 Liturgy 94 GOD OF LOVE
0%
53 MIKE 95 going truuu
0%
37 Avenade 95 Have It Your Way
0%
64 きくお [Kikuo] 94 Hole-dwelling
0%
50 Lingua Ignota 95 I AM THE BEAST
0%
74 Lingua Ignota 94 IF THE POISON WON'T TAKE YOU MY DOGS WILL
0%
20 JPEGMAFIA 96 Jesus Forgive Me, I Am a Thot
0%
92 Angel Olsen 94 Lark
0%
7 Cacola 97 Lit Fuse
0%
69 Kill Bill & Rav 94 Lovedrug (Off That)
0%
41 TAEYON 95 Love You Like Crazy
0%
1 Andrew Prahlow 98 Main Title
0%
33 Lingua Ignota 95 MAY FAILURE BE YOUR NOOSE
0%
62 black midi 94 Near DT, MI
0%
45 Purple Mountains 95 Nights That Won't Happen
0%
15 Big THief 96 Not
0%
55 clipping. 95 Nothing Is Safe
0%
47 Crypt 95 Operating Room (Skit)
0%
24 Loyle Carner 96 Ottolenghi
0%
2 Andrew Prahlow 97 Outer Wilds
0%
83 Weatherday 94 Porcelain Hands
0%
6 The Caretaker 97 R1 - Stage 6 Place in the World fades away
0%
56 Ciśnienie 94 Rawa
0%
54 billy woods & Kenny Segal 95 red dust
0%
59 Liana Flures 94 rises the moon
0%
93 Djo 94 Roddy
0%
21 Ciśnienie 96 Same Trupy
0%
75 Sharon Van Etten 94 Seventeen
0%
61 billy woods & Kenny Segal 94 spider hole
0%
95 Lingua Ignota 94 SPITE ALONE HOLDS ME ALOFT
0%
27 billy woods & Kenny Segal 96 spongebob
0%
68 Jai Paul 94 Str8 Outta Mumbai
0%
97 Northlane 93 Talking Heads
0%
43 Origami Angel 95 The Air Up Here
0%
42 Cacola 95 The Angel
0%
99 きくお [Kikuo] 93 The Cat's Dining Table
0%
77 Cacola 94 The Demon
0%
63 Lana Del Rey 94 The greatest
0%
34 Cacola 95 The Plague, the Cancer,
0%
17 Origami Angel 96 The Title Track
0%
81 Injury Reserve 94 Three Man Weave
0%
9 Andrew Prahlow 97 Timber Hearth
0%
5 Andrew Prahlow 97 Travelers
0%
60 Daniel Lanois 94 Unshaken
0%
71 Thornhill 94 Where We Go When We Die
0%
100 Terno Rei 93 Yoko
0%
94 Whirr 94 Younger Than You
0%
No matching quizzes found
Score Distribution
Percent of People with Each Score
Percentile by Number Answered
Your Score History
You have not taken this quiz since the last reset